[Event "Gashimov Memorial-A 1st"]
[Site "Shamkir"]
[Date "2014.04.29"]
[Round "9"]
[White "Caruana, Fabiano"]
[Black "Mamedyarov, Shakhriyar"]
[Result "1-0"]
[WhiteElo "2783"]
[BlackElo "2760"]
[Annotator "Ftacnik,L"]
[PlyCount "111"]
[EventDate "2014.04.20"]
[EventType "tourn"]
[EventRounds "10"]
[EventCountry "AZE"]
[EventCategory "22"]
[SourceTitle "CBM 160"]
[Source "ChessBase"]
[SourceDate "2014.05.15"]
[SourceVersion "1"]
[SourceVersionDate "2014.05.15"]
[SourceQuality "1"]

1. d4 d5 2. c4 c6 3. Nf3 Nf6 4. e3 Bg4 5. Nc3 e6 6. h3 Bh5 7. Qb3 Qb6 8. Nh4 {
Modern chess is not always the most logical game. The surprising move of the
knight hopes to force the exchange of Black's bishop on h5.} g5 9. Nf3 h6 10.
Ne5 Nfd7 (10... Nbd7 11. Nxd7 Nxd7 12. Bd3 dxc4 (12... Rg8 13. Qxb6 axb6 14.
cxd5 exd5 15. Bd2 b5 16. O-O Bg6 17. Bxg6 Rxg6 18. Ne2 Bd6 $11 {0-1 (52)
Andersen,M (2410)-Sandipan,C (2641) Caleta 2011}) 13. Qxc4 Qb4 14. Qxb4 Bxb4
15. Bd2 O-O-O 16. g4 Bg6 17. Bxg6 fxg6 18. Ne4 Be7 19. Bc3 Nf6 20. Nd2 h5 21.
Ke2 Rh6 22. Rhg1 hxg4 23. hxg4 Rdh8 $11 {1/2 (45) Vidit,S (2563)-Nabaty,T 
(2567) Kavala 2013}) 11. Nd3 {The knight retreats to the centre as the
opponent has chosen the most exact moves in order to save his bishop. The
position will be full of life, but White can not claim any advantage - not
surprising after the 5th move with the same piece in the opening stage of the
game.} Bg6 (11... Na6 12. h4 Bg7 13. Qa4 dxc4 14. Qxc4 Bg6 15. Bd2 Nc7 16. g3
a5 17. hxg5 hxg5 18. Rxh8+ Bxh8 19. Bg2 Qa6 20. Qxa6 Rxa6 21. Ne4 Bxe4 22. Bxe4
$14 {1-0 (31) Giri,A (2717)-Zontakh,A (2556) Sochi 2012}) (11... Be7 12. h4
gxh4 13. c5 Qc7 14. e4 Bg5 15. f4 Be7 16. Be3 Bg4 17. Nf2 h5 18. f5 b6 19. cxb6
Nxb6 20. Nxg4 hxg4 21. Qc2 Qg3+ 22. Bf2 Qf4 $11 {0-1 (80) Greet,A (2426)-Tan,J
(2308) England 2014}) 12. h4 {Caruana has risen to the top 10 players in the
world, so his ideas in opening positions deserve serious scrutiny. The Italian
player believes, that h-pawn advance forces Black to make some sort of
concession.} (12. Bd2 Na6 13. Rc1 (13. Qa4 Qd8 14. cxd5 exd5 15. Be2 Bd6 16.
O-O g4 17. hxg4 h5 18. g5 Bxd3 19. Bxd3 Nb4 20. Be2 Qxg5 21. f4 $14 {0-1 (95)
Ter Sahakyan,S (2569)-Hovhannisyan,R (2589) Yerevan 2012}) (13. Na4 Qxb3 14.
axb3 Be7 15. Rc1 O-O 16. Be2 Rac8 17. O-O Rfd8 18. Rfd1 Kf8 19. Be1 Kg8 20. Kf1
Kf8 21. Ra1 Ra8 22. Rdc1 $11 {1-0 (65) Gareev,T (2610)-Holt,C (2417)
Philadelphia 2011}) 13... Qxb3 14. axb3 Nb4 15. Nxb4 Bxb4 16. h4 O-O 17. cxd5
exd5 18. Be2 a6 19. Na2 Be7 20. Bb4 Rfe8 21. Bxe7 Rxe7 22. Nc3 $11 {1/2 (43)
Wang,Y (2736)-Aronian,L (2757) Dresden 2008}) 12... Rg8 (12... g4 13. Bd2 Na6
14. Be2 Bf5 15. O-O Rg8 16. g3 Qxb3 17. axb3 Nb4 18. Nf4 Bc2 19. Ra3 Na6 20. c5
Nc7 21. b4 a6 22. Nd3 Rd8 23. Rc1 Bxd3 24. Bxd3 f5 25. Ne2 Rc8 {1/2 (25)
Mchedlishvili,M (2625)-Smeets,J (2669) Sestao 2010}) (12... Bg7 13. Bd2 Na6 14.
Rc1 Qxb3 15. axb3 O-O 16. hxg5 hxg5 17. Na4 dxc4 18. bxc4 e5 19. dxe5 Nxe5 20.
Nxe5 Bxe5 21. c5 Nc7 {Iordachescu,V (2599)-Nezad,H (2400) Dubai 2013/}) 13.
hxg5 (13. Bd2 Na6 14. hxg5 hxg5 15. Rc1 Qxb3 16. axb3 Nb4 17. Nxb4 Bxb4 18. Na4
a5 19. f3 Ke7 20. Be2 Rh8 21. Bxb4+ axb4 22. Rxh8 Rxh8 23. Kf2 Ra8 $15 {
1/2 (40) Grandelius,N (2491)-Cramling,P (2528) Kungsor 2009}) 13... hxg5 14.
Bd2 {Mamedyarov decided to live without the control of the h-file for a while.
In other respects his position remains firm and without visible blemish.} dxc4
(14... Na6 15. f3 O-O-O $11) 15. Qxc4 Qa6 $1 {After the exchange of the queens
Black can look into the upcoming middlegame without any worry.} 16. Nc1 (16.
Qxa6 Nxa6 17. O-O-O O-O-O 18. e4 Be7 $11) 16... Qxc4 17. Bxc4 Nb6 (17... Na6
18. Bxa6 bxa6 19. Nb3 c5 $11) 18. Be2 N8d7 19. e4 Be7 20. Nb3 (20. f3 O-O-O 21.
a4 Rh8 22. Rxh8 Rxh8 23. Kf2 $11) 20... f5 21. f3 (21. exf5 exf5 22. O-O-O
O-O-O $11) 21... a5 {At this stage it seems that the player with higher
ambitions is the one with the black pieces. Mamedyarov was playing without
much success in Shamkir and would have loved to improve his results towards
the end of the prestigious event.} 22. a4 e5 (22... g4 23. e5 gxf3 24. gxf3 Kf7
$11) 23. exf5 Bf7 $5 {The charm of super tournaments is connected with the
chess the best players produce. Black is not obliged to be satisfied with the
obvious solution of recapturing the pawn.} (23... Bxf5 24. Ne4 g4 25. Nxa5 gxf3
26. gxf3 O-O-O 27. Nb3 Rh8 $11) 24. Bd1 {The merit of the unexpected move by
Black was mostly psychological since the chess value was somewhat dubius.
Caruana has failed to rise to the ocassion with the equally unexpected idea 24.
d5! with some advantage.} (24. d5 $1 Bxd5 (24... cxd5 25. Nb5 Kf8 26. Nxa5 $16)
(24... Nxd5 25. Nxd5 Bxd5 26. Nxa5 $16) 25. Nxd5 Nxd5 26. g4 (26. Nxa5 Nb4 $11)
26... N7f6 27. Kf2 $14) 24... Nc4 25. Ne4 (25. Bc1 exd4 26. Nxd4 Nc5 $11) 25...
g4 (25... Bd5 26. dxe5 Ndxe5 27. Bc2 g4 28. f4 $14) 26. Bc3 (26. fxg4 Nxb2 27.
dxe5 Nxe5 28. Nbc5 Nxd1 29. Rxd1 b6 30. Ne6 Bxe6 31. fxe6 Nxg4 $11) 26... gxf3
27. gxf3 (27. Bxf3 Ne3 28. dxe5 (28. Ke2 Nxf5 29. Bh5 exd4 $11) 28... Bxb3 29.
e6 Nc5 30. Nf6+ Bxf6 31. Bxf6 $11) 27... O-O-O {Finally Black completes his
development and his pieces all influence the centre. White will have to play
carefully otherwise his adversary could steal the show.} (27... Rf8 28. dxe5
Ndxe5 29. Be2 Bd5 30. Nd4 O-O-O 31. Kf2 c5 32. Ne6 Rxf5 33. Nxd8 Bxe4 $11) 28.
Kf2 (28. Rh7 $6 Rg1+ 29. Kf2 Rdg8 $11) 28... exd4 29. Nxd4 Nc5 {[%mdl 2048]
Very rich positions can be very attractive, but the players can hardly aspire
to find the most exact continuations. Black could definitely dream also about
very controversial lines after the tricky move 29..Nf6!?} (29... Nf6 $5 30. Be2
(30. Bb3 Nxe4+ 31. fxe4 Rg4 32. Bxc4 Bxc4 33. b3 Bd3 34. Ne6 Re8 (34... Bxe4
35. Nxd8 Bc5+ 36. Ke2 Rg2+ 37. Ke1 Bf3 38. Rh3 Bg4 39. Rh4 Kxd8 $11) 35. Kf3
Reg8 $11) 30... Nd6 31. Nxf6 Bxf6 32. Ne6 Bxc3 33. bxc3 Bxe6 34. fxe6 Rg6 35.
Bf1 Nf5 36. Bh3 Rd2+ 37. Kf1 Ng3+ 38. Ke1 Re2+ 39. Kd1 Rg5 40. Rg1 Rd5+ 41. Kc1
Kc7 $11) 30. Be2 Nxe4+ {Mamedyarov is getting a bit nervous and strives to
clarify the situation. His move improving White's pawn structure fails to hit
the mark on the scale of exact choices, but was still good enough for keeping
the balance.} (30... Rge8 $1 31. Rh7 (31. Rag1 Nxe4+ 32. fxe4 Bc5 33. Bxc4 Bxc4
34. Ke3 Rd5 35. f6 Rd6 36. Rg5 Bb6 37. Rh7 Rde6 38. Rh4 Rxf6 $11) 31... Nxe4+
32. fxe4 Bc5 33. Rxf7 (33. Bxc4 Bxc4 34. Ke3 Rd5 35. b3 Bxb3 36. Kd3 Rd6 $11)
33... Nd6 34. Rg7 Nxe4+ 35. Kg2 Bxd4 36. Bxd4 Rxd4 $11) 31. fxe4 Nd2 $6 (31...
Bc5 $1 32. Rad1 (32. Bxc4 Bxc4 33. Rad1 Rg7 $11) 32... Nd6 33. Rh4 Rge8 34. Bd3
Bb3 (34... b5 35. Kg3 b4 36. Nxc6 Bb3 37. Nxd8 Bxd1 38. Bf6 Nxf5+ 39. exf5 Re3+
40. Kf4 Rxd3 41. Rh8 $14) 35. Rd2 Nf7 36. Be2 Bxa4 $11) 32. Bxd2 (32. Bf3 Nxf3
(32... Bc5 33. Bxd2 Bxd4+ 34. Be3 Bxb2 35. Rad1 $14) 33. Kxf3 c5 34. Nc2 Rd3+
35. Ne3 Bg5 36. Rae1 Bb3 37. Bxa5 Bxa4 38. Bc3 $14) 32... Rxd4 33. Ke3 (33. Be3
Rxe4 $17) 33... Bc5 (33... Rgd8 34. Bxa5 Bg5+ 35. Kf2 Rxe4 36. Bxd8 Kxd8 37.
Rh7 $16) 34. Bc3 {Caruana is demonstrating very good nerves in the face of
Black's battery along the a7-g1 diagonal. Black has a lot of options but no
clear road to equality.} (34. Rac1 Re8 35. Rxc5 Rdxe4+ 36. Kd3 Rxe2 37. Rxa5
Rf2 38. Bc3 $14) 34... Rg3+ (34... Rxa4+ 35. Kf4 (35. Kd2 Rxe4 36. Rxa5 Rg2 37.
Rxc5 Rgxe2+ $11) 35... Bd6+ 36. Be5 Bxe5+ 37. Kxe5 Re8+ 38. Kf6 Raxe4 39. Bf3
Rf4 40. Bxc6 Re2 41. Rh7 Be6 42. Bxb7+ Kb8 43. Rxa5 Rxf5+ 44. Rxf5 Bxf5 45.
Kxf5 Rxb2 $14) 35. Kf2 (35. Kf4 $4 Bd6#) (35. Bf3 Rxa4+ 36. Kf4 Bd6+ 37. Ke3
Bc5+ $11) 35... Rxc3 (35... Rdd3+ 36. Kf1 Rd8 37. Be1 Rgg8 38. Rc1 $14) 36.
bxc3 Rxe4+ 37. Ke1 {Annotators can try to appear smart with the help of books
and computers in the aftermath of the fight. The choices were not easy to
judge, but most likely 37.Kf1! would have been more unpleasant for the
defender.} (37. Kf3 Bd5 38. Rhe1 Rc4+ 39. Kg3 Bd6+ 40. Kf2 Rxc3 $11) (37. Kf1
$1 Bd5 38. Rh7 Re5 39. Bd3 Re3 40. Rd1 Bb3 41. Rd2 Bxa4 42. Rh5 $14) 37... Bc4
38. Rh2 Re5 {The impending time trouble is causing problems even for a very
creative player like Mamedyarov. Under ideal conditions he would have the
chance to find 38...Bd6 and keep the position in balance.} (38... Bd6 $1 39.
Rg2 Be5 40. Kd1 (40. Kf1 Bd5 41. Rg4 Bxc3 42. Ra3 Bb2 43. Rxe4 Bxe4 44. Rb3 Bd4
45. Bd3 Bd5 46. Rb1 Bf6 $11) 40... Bb3+ 41. Kd2 Bf4+ 42. Ke1 Bd5 43. Rg4 Bc4
44. Kf2 Bxe2 45. Rg8+ Kc7 46. Re1 Bd3 47. Rxe4 Bxe4 48. Rg4 Bxf5 49. Rxf4 Bc2
$11) 39. f6 (39. Kd2 Bxe2 40. Rxe2 Rxf5 41. Rh1 Kc7 42. Rh7+ $14) 39... Bxe2 $2
{Black's game is collapsing with this poor decision to exchange the bishops.
Black could still put up serious resistance with the more nuanced idea 30...
Re6!} (39... Re6 $1 40. Kd2 (40. f7 Kc7 41. Kd2 Rd6+ 42. Kc2 Bxf7 43. Rh7 Rd7
44. Bd3 Bd5 $14) 40... Bxe2 41. Rxe2 Rxf6 42. Rh1 Kc7 43. Rh5 $14) 40. Rxe2 Rf5
41. Re8+ Kc7 42. Ra8 Bf2+ (42... b6 43. Ra7+ Kd6 44. f7 Kd5 45. Rc7 Kc4 46. Rc1
$16) 43. Ke2 Bh4 44. f7 Rxf7 (44... Rf2+ 45. Ke3 Rxf7 46. Rxa5 $16) 45. Rxa5 {
The tears for the missed chances can start to flow, Black has been left
without either the exchange or any compensation.} Rf2+ 46. Ke3 Rc2 47. Ra3 (47.
Rc5 Bf6 48. Kd3 Rh2 49. Rc4 $16) 47... Be7 48. Rb3 Ra2 49. Re5 Bd6 (49... Bd8
$1 50. Rh5 Rxa4 51. Rh7+ Kd6 52. Rbxb7 $16) 50. Rf5 Kb8 (50... Rxa4 51. Rf7+
Kc8 52. Rbxb7 $18) 51. Rf7 Bc7 52. Rb4 Rh2 53. Kd3 Rg2 54. Re4 Rg3+ 55. Kc2 Ba5
(55... Bd6 56. Re6 Bc5 57. Rh6 Ka7 58. Rxc6 $18) 56. Ree7 $1 {For the first
time in the battle the white forces have achieved perfect coordination. The
effect on the defender is devastating despite the chance to eliminate the
penultimate white pawn on c3.} (56. Ree7 $1 Rxc3+ 57. Kb2 Rc5 58. Rxb7+ Kc8 59.
Ra7 Kb8 60. Rfb7+ Kc8 61. Rh7 Kb8 62. Raf7 $18) 1-0

[Event "Dortmund SuperGM 42nd"]
[Site "Dortmund"]
[Date "2014.07.19"]
[Round "6"]
[White "Caruana, Fabiano"]
[Black "Adams, Michael"]
[Result "1-0"]
[WhiteElo "2789"]
[BlackElo "2743"]
[Annotator "Szabo,Kr"]
[PlyCount "95"]
[EventDate "2014.07.12"]
[EventType "tourn"]
[EventRounds "7"]
[EventCountry "GER"]
[EventCategory "19"]
[SourceTitle "CBM 162"]
[Source "ChessBase"]
[SourceDate "2014.09.17"]
[SourceVersion "1"]
[SourceVersionDate "2014.09.17"]
[SourceQuality "1"]

1. e4 e5 2. Nf3 Nc6 3. Bb5 Nf6 4. O-O Nxe4 {They are both big experts in the
Berlin line.} 5. d4 Nd6 6. Bxc6 dxc6 7. dxe5 Nf5 8. Qxd8+ Kxd8 9. h3 {Caruana
is still waiting for the Nc3.} Bd7 10. Rd1 Be7 11. Nc3 Kc8 {Usually Black's K
goes to the queenside. He prepares for b6, protects the d7 B and then will
play Kb7.} 12. g4 {Of course White will play on the kingside quickly.} Nh4 13.
Nxh4 Bxh4 14. Be3 $146 {A novelty by Caruana.} ({Before} 14. Ne4 {was tried} b6
15. Bg5 Bxg5 16. Nxg5 h6 17. Nxf7 (17. Ne4 {was the alternative} h5 18. f3 c5
$13 {with an unclear position.}) 17... Re8 18. f4 Rf8 19. Rxd7 Kxd7 20. f5 Ke7
21. e6 Rxf7 22. exf7 Rd8 23. Re1+ Kxf7 24. Kf2 Rd2+ 25. Re2 Rd1 $11 {with an
equal R endgame, Dominguez Perez-Navara, Linares 2013.}) 14... b6 15. Rd2 c5 (
15... h5 $5 {was also possible} 16. Rad1 (16. f3 $2 {does not work because of}
Bg3 $1 {and the e5 P is lost.}) 16... Be6 17. g5 f6 {should be an equal
endgame.}) 16. Nd5 {Caruana immediately occupies the centre with his N.} (16.
f4 $5 {was an interesting alternative.}) 16... Re8 (16... h5 $5) 17. Rad1 ({
The natural} 17. f4 {could have been met by} f6 18. exf6 Bxf6 19. Nxf6 (19. c3
h5 $1) 19... gxf6 20. Bf2 (20. Kf2 h5) 20... f5 {with an approximately equal
position.}) 17... Bc6 18. Bf4 ({In the event of} 18. f4 f6 $1 $132) 18... h6 (
18... Kb7 {was also fine.}) 19. Kg2 Kb7 20. c4 a5 ({The engine suggests} 20...
Re6 21. Re1 (21. Rd3 f6) 21... f6 22. Kf1 Rd8 {and Black looks OK.}) 21. Re1
Rad8 ({Now} 21... f6 $6 {is dubious, as} 22. e6 {and White's P is very
unpleasant for Black.}) 22. Bg3 Bxg3 ({Keeping the tension with} 22... Be7 {
looks a little bit passive} 23. f4 h5 24. Red1 hxg4 25. hxg4 Rh8 26. Kf2 Rde8
27. Nxe7 Rxe7 28. Rd8 Rxd8 29. Rxd8 {and still Black is under pressure.}) 23.
Kxg3 f6 24. f4 Re6 25. Rdd1 {White protects the e1 R, now the f6-pawn is
hanging.} fxe5 26. Rxe5 ({Of course not} 26. fxe5 $6 Rde8 27. Kf4 g5+ 28. Kf5
Bd7 {and Black is fine.}) 26... Red6 27. f5 a4 $6 {This still isn't a mistake,
but it is a little bit slow.} (27... b5 $1 {was more logical} 28. b3 Bxd5 29.
Rdxd5 (29. cxd5 Kb6 $11) 29... Rxd5 30. cxd5 ({the P endgame with} 30. Rxd5
Rxd5 31. cxd5 c4 ({or} 31... Kb6 {and Black can lose.})) 30... c4 31. bxc4 bxc4
32. Kf3 c6 {with a drawish R endgame.}) 28. Kf4 $1 {Now already White's K is
too active.} b5 29. b3 a3 (29... axb3 30. axb3 Bxd5 31. Rdxd5 Rxd5 32. cxd5 Rd7
33. h4 c4 {and White's position looks slightly better, but R endgames always
give some hope for a draw.}) 30. Ke4 ({Probably} 30. h4 $1 {was more accurate}
Bxd5 31. Rdxd5 Rxd5 32. cxd5 b4 33. g5 {and White is very fast.}) 30... b4 ({
In the event of} 30... Bxd5+ 31. Rdxd5 Rxd5 32. Rxd5 (32. cxd5 b4 $1 {and c4
is always an unpleasant threat.}) 32... Re8+ 33. Kf3 b4 (33... bxc4 34. bxc4
Re1 35. Rd3 Rc1 36. h4 Rxc4 37. g5 {and it is still not easy for Black.}) (
33... Re1 34. Rxc5) 34. h4 {transposes to the 31...Bxd5 line.}) 31. h4 R6d7 $6
({Maybe} 31... Bxd5+ $1 {was the most precise} 32. Rdxd5 (32. Rexd5 Kc6 33.
Rxd6+ cxd6 $11) 32... Rxd5 33. Rxd5 (33. cxd5 $2 {does not work because of} c4
$1) 33... Re8+ 34. Kf3 Re1 35. g5 hxg5 36. hxg5 Rf1+ 37. Kg2 Rf4 38. Kg3 Rf1
39. Rxc5 Rg1+ 40. Kh4 Rg2 41. Rb5+ Kc6 42. Rxb4 Rxa2 43. Ra4 Rh2+ 44. Kg3 Ra2 {
and Black can still hope for the draw.}) 32. Rd2 ({The computer suggests} 32.
Re6 $1 {and now} Bxd5+ {is too late, as} 33. cxd5 {and Black's position is
very unpleasant.}) 32... Rf7 ({Still} 32... Bxd5+ $1 33. Rdxd5 (33. cxd5 c6 $11
) 33... Rxd5 {transposes to 31...Bxd5.}) 33. g5 hxg5 34. hxg5 Rh8 35. Kf4 Rh1
$6 (35... Rh4+ $1 {was better} 36. Kg3 Rh1 37. Rf2 Rf8 $1 38. Ne7 Rfh8 $1 {
This is the point! Now Black is not losing.}) 36. Rf2 Rg1 37. Ne7 $1 {A strong
move. Now Black is in a difficult situation.} Bh1 $6 (37... Bd7 {was tougher,
and now} 38. g6 Rf8 39. Rd2 (39. Rxc5 $2 Re1 $1) 39... Rf1+ 40. Kg4 Be8 {
and it is still not so easy for White.}) 38. g6 $1 Rf6 39. Rxc5 Rd6 40. Rb5+
Ka6 41. Nd5 Bxd5 42. Rxd5 Rxd5 $2 {Loses immediately, but Black's position was
already difficult.} (42... Rf6 {was the best chance} 43. Ke3 Re1+ 44. Kd4 $16)
43. cxd5 $18 Kb6 44. f6 $1 gxf6 45. Kf5 Kc5 46. Kxf6 Kxd5 47. g7 c5 48. Rf5+ {
followed by Rg5, so Black resigned.} 1-0